[A second view of the Army remonstrance, or, Justice done to the Armie] : [wherein their principles are new model'd, brought out of obscurity into clearer light by which the Army and the whole kingdom[e] are under the conduct of the spirit of God led out of a wildernesse to the view of a Canaan. Dedicated to the Generall, and the Councel of War /

Bibliographic Details
Main Author: Sedgwick, William, 1609 or 10-1669?
Format: eBook
Language:English
Published: [London. : Printed for H. Hils, and G. Calvert, and are to be sold at his house over against S. Thomases hospitall in Southwark, and at the Black Spread Eagle at the West end of Pauls], 1648]
Series:Early English books online.
Subjects:
Online Access:Connect to the full text of this electronic book

MARC

Tag First Indicator Second Indicator Subfields
LEADER 00000nam a2200000Ia 4500
001 in00004201230
005 20200806085833.0
006 m g d
007 cr bn |||a|bb|
008 050929s1648 enk o 000 0 eng d
035 |a (OCoLC)61742010 
040 |a UMI  |c UMI  |d UMI 
037 |a CL2105000002  |b ProQuest Information and Learning 300 N. Zeeb Rd., Ann Arbor, MI 48103-1553 
043 |a e-uk--- 
090 |a DA410  |b .S42 1648 
049 |a UMIA 
100 1 |a Sedgwick, William,  |d 1609 or 10-1669? 
245 1 3 |a [A second view of the Army remonstrance, or, Justice done to the Armie] :  |b [wherein their principles are new model'd, brought out of obscurity into clearer light by which the Army and the whole kingdom[e] are under the conduct of the spirit of God led out of a wildernesse to the view of a Canaan. Dedicated to the Generall, and the Councel of War /  |c by William Sedgwick]. 
246 1 |a Justice done to the Armie 
260 |a [London. :  |b Printed for H. Hils, and G. Calvert, and are to be sold at his house over against S. Thomases hospitall in Southwark, and at the Black Spread Eagle at the West end of Pauls],  |c 1648] 
300 |a 1 online resource ([1]+ leaves. 
336 |a text  |b txt  |2 rdacontent 
337 |a computer  |b c  |2 rdamedia 
338 |a online resource  |b cr  |2 rdacarrier 
500 |a A reply to: A remonstrance of His Excellency Thomas Lord Fairfax, Lord General of the Parliaments forces. And of the generall councell of officers held at St Albans the 16. of November, 1648. Cf. EUX in OCLC. 
500 |a Ms. surrogate t.p. only. 
500 |a Reproduction of original in the British Library. 
510 4 |a Wing (2nd edition)  |c S2389 
533 |a Electronic reproduction.  |b Ann Arbor, Mich. :  |c UMI,  |d 1999-  |f (Early English books online)  |n Digital version of: (Early English books; Tract supplement ; E4:1[254])  |7 s1999 miun s 
655 0 |a Title pages  |z England  |y 17th century. 
610 1 4 |a England and Wales.  |b Army.  |b Council.  |t Remonstrance of His Excellency Thomas Lord Fairfax, Lord General of the Parliaments forces. And of the generall councell of officers held at St Albans the 16. of November, 1648. 
651 0 |a Great Britain  |x History  |y Civil War, 1642-1649  |v Sources. 
651 0 |a Great Britain  |x Politics and government  |y 1642-1649. 
830 0 |a Early English books online. 
856 4 0 |u http://proxy.library.tamu.edu/login?url=https://search.proquest.com/docview/2240880222  |z Connect to the full text of this electronic book  |t 0 
994 |a 02  |b UMI 
999 f f |s 78686a62-a032-30f4-be37-297b672b6e96  |i 58d869d6-f660-3fe8-8364-bc9872441bef  |t 0 
952 f f |a Texas A&M University  |b College Station  |c Electronic Resources  |d Available Online  |t 0  |e DA410 .S42 1648  |h Library of Congress classification 
998 f f |a DA410 .S42 1648  |t 0  |l Available Online